000 00335nam a22001217a 4500
082 _a220 PRO
100 _aDANIYAL,FARHAN,HASAN,OMER,
_972472
245 _aPR-SOF-1195-MEDICAL ULTRASOUND AIGNAL PROCESSING
260 _aISLAMABAD
_bNUST COLLEGE OF EME
_c2012
650 _a DE-ELECT-30
700 _aDR TAHIR ZAIDI
_931395
942 _cCR
999 _c578492
_d578492